Health healing and shalom : (Record no. 20533)
[ view plain ]
| 000 -LEADER | |
|---|---|
| fixed length control field | 00527nam a22001577a 4500 |
| 008 - FIXED-LENGTH DATA ELEMENTS--GENERAL INFORMATION | |
| fixed length control field | 241015b |||||||| |||| 00| 0 eng d |
| 020 ## - INTERNATIONAL STANDARD BOOK NUMBER | |
| International Standard Book Number | 9780878085408 |
| 050 ## - LIBRARY OF CONGRESS CALL NUMBER | |
| Classification number | RA975.C37 |
| Item number | .H43 |
| 100 ## - MAIN ENTRY--PERSONAL NAME | |
| Personal name | Myers, Bryant L. |
| 245 ## - TITLE STATEMENT | |
| Title | Health healing and shalom : |
| Remainder of title | Frontiers and Challenges for christian health missions /by |
| Statement of responsibility, etc. | Bryant L. Myers, Erin Dufault-Hunter & Isaac B. Voss |
| 260 ## - PUBLICATION, DISTRIBUTION, ETC. (IMPRINT) | |
| Name of publisher, distributor, etc. | William Carey Library |
| Date of publication, distribution, etc. | 2015 |
| 300 ## - PHYSICAL DESCRIPTION | |
| Extent | xxxiii, 292p. |
| 700 ## - ADDED ENTRY--PERSONAL NAME | |
| Personal name | Dufault-Hunter, Erin |
| 700 ## - ADDED ENTRY--PERSONAL NAME | |
| Personal name | Voss, Isaac B. |
| 942 ## - ADDED ENTRY ELEMENTS (KOHA) | |
| Source of classification or shelving scheme | Library of Congress Classification |
| Koha item type | General Collection |
| Withdrawn status | Lost status | Source of classification or shelving scheme | Not for loan | Home library | Current library | Date acquired | Cost, normal purchase price | Inventory number | Total Checkouts | Full call number | Barcode | Date last seen | Copy number | Price effective from | Koha item type |
|---|---|---|---|---|---|---|---|---|---|---|---|---|---|---|---|
| Library of Congress Classification | Kabarak, Main Campus | Kabarak, Main Campus | 15/10/2024 | 2663.00 | 2024/0657 | RA975 .C37H43 2015 C.1 | 33748 | 15/10/2024 | C.1 | 15/10/2024 | General Collection | ||||
| Library of Congress Classification | Kabarak, Main Campus | Kabarak, Main Campus | 15/10/2024 | 2663.00 | 2024/0656 | RA975 .C37H43 2015 C.2 | 33749 | 15/10/2024 | C.2 | 15/10/2024 | General Collection |